Nanotechnology : (Record no. 39741)
[ view plain ]
| 000 -LEADER | |
|---|---|
| fixed length control field | 00698nam a22002057a 4500 |
| 005 - DATE AND TIME OF LATEST TRANSACTION | |
| control field | 20100806104449.0 |
| 010 ## - LCCN (DPL NO) | |
| LC control number | ENG-98703 |
| 020 ## - INTERNATIONAL STANDARD BOOK NUMBER | |
| Terms of availability | 80.00 |
| International Standard Book Number | 9788190979721 |
| 035 ## - SYSTEM CONTROL NUMBER | |
| System control number | EN-82235 |
| 037 ## - SOURCE OF ACQUISITION | |
| Source of stock number/acquisition | DBAD/PUB |
| 082 ## - DEWEY DECIMAL CLASSIFICATION NUMBER | |
| Classification number | 620.5 |
| 100 ## - MAIN ENTRY--PERSONAL NAME | |
| Personal name | Venmathi, K. |
| 245 ## - TITLE STATEMENT | |
| Title | Nanotechnology : |
| Statement of responsibility, etc | by K. Venmathi |
| Remainder of title | fundamentals through advanced / |
| 260 ## - PUBLICATION, DISTRIBUTION, ETC. (IMPRINT) | |
| Place of publication, distribution, etc | Coimbatore |
| Name of publisher, distributor, etc | Q Book |
| Date of publication, distribution, etc | 2008 |
| 270 ## - ADDRESS | |
| Address | 142, Jani Jan Khan Road, Royapettah |
| City | Coimbatore |
| Postal code | 641018 |
| 300 ## - PHYSICAL DESCRIPTION | |
| Extent | 104 p. |
| Dimensions | 22 cm. (Pbk) |
| 700 ## - ADDED ENTRY--PERSONAL NAME | |
| 9 (RLIN) | 7380 |
| 942 ## - ADDED ENTRY ELEMENTS (KOHA) | |
| Source of classification or shelving scheme | Dewey Decimal Classification |
| Item type | English Books |
| Classification part | 620.5 |
| Call number suffix | VEN |
| Withdrawn status | Lost status | Not for loan | Collection code | Home library | Current library | Date acquired | Cost, normal purchase price | Full call number | Barcode | Copy number | Cost, replacement price | Koha item type |
|---|---|---|---|---|---|---|---|---|---|---|---|---|
| Not For Loan | Non-fiction | D.B.Act.Division | D.B.Act.Division | 06/08/2010 | 80.00 | 620.5 VEN | EN-82235 | 1 | 80.00 | English Books |
